000 00704nam a2200193 a 4500
008 060316s1991 ||||||||||||||||| || u
020 _a0070643253
050 _aHF 5415.155 Tho
100 _aThomas, Philip R
245 1 0 _aGetting competitive : middle managers and the cycle time ethic
260 _aNew York :
_bMcGraw-Hill
_c1991
300 _ax, 258 p. : ill.
350 _a0.00
650 _aPRODUCT LIFE CYCLE
650 _aCOMPETITION--LAW AND LEGISLATION--ZIMBABWE
650 _aPRODUCT MANAGEMENT
650 _aTIME MANAGEMENT
995 _D0.00
_FCBU-MAIN LIBRARY (Kitwe)
_H1
_I29.95
_UAVAILABLE
_ZMain Library Open Access Collection
999 _c44546
_d44546